Department of Agriculture: analysis of selected data centers did not follow federal guidance and leading practices : congressional committees.

Bibliographic Details
Corporate Author: United States. Government Accountability Office (Author)
Format: Government Document eBook
Language:English
Published: Washington, DC : U.S. Government Accountability Office, 2018.
Subjects:
Online Access:https://purl.fdlp.gov/GPO/gpo188305

MARC

Tag First Indicator Second Indicator Subfields
LEADER 00000nam a2200000 i 4500
001 in00004632721
006 m o d f
007 cr |||||||||||
008 210909s2018 dcu ob f000 0 eng c
005 20221217191144.3
035 |a (OCoLC)on1297886192 
040 |a XND  |b eng  |e rda  |e pn  |c XND  |d GPO  |d MvI 
042 |a pcc 
043 |a n-us--- 
049 |a WWW 
074 |a 0545-A-04 (online) 
086 0 |a GA 1.41:GAO-19-146 R 
088 |a GAO-19-146R 
110 1 |a United States.  |b Government Accountability Office,  |0 https://id.loc.gov/authorities/names/no2004066329  |e author. 
245 1 0 |a Department of Agriculture: analysis of selected data centers did not follow federal guidance and leading practices : congressional committees. 
246 3 0 |a Analysis of selected data centers did not follow federal guidance and leading practices 
246 1 7 |a GAO-19-146R analysis of selected data centers 
264 1 |a Washington, DC :  |b U.S. Government Accountability Office,  |c 2018. 
300 |a 1 online resource (15 pages) 
336 |a text  |b txt  |2 rdacontent 
337 |a computer  |b c  |2 rdamedia 
338 |a online resource  |b cr  |2 rdacarrier 
500 |a "December 19, 2018." 
500 |a "GAO-19-146R." 
500 |a GPO Cataloging Record Distribution Program (CRDP). 
504 |a Includes bibliographical references. 
588 |a Description based on online resource; title from PDF caption (GAO, viewed on Nov. 2, 2022). 
610 2 0 |a National Finance Center (U.S.)  |0 https://id.loc.gov/authorities/names/n88112293 
650 0 |a Data centers  |z United States. 
650 0 |a Data processing service centers  |z United States. 
856 4 0 |u https://purl.fdlp.gov/GPO/gpo188305  |t 0 
999 f f |s 907fbad1-6769-49d8-a217-1cc822cc241b  |i 5e1a6698-9e33-4873-8731-a54281702c9f  |t 0 
952 f f |a Texas A&M University  |b College Station  |c Electronic Resources  |d Available Online  |t 0  |e GA 1.41:GAO-19-146 R  |h Superintendent of Documents classification 
998 f f |a GA 1.41:GAO-19-146 R  |t 0  |l Available Online